Red (Taylor’s Version): All Songs - Statistics

General Stats
  • This quiz has been taken 5 times
  • The average score is 25 of 30
Answer Stats
Track No. Red (Taylor’s Version) % Correct
5 All Too Well
100%
30 All Too Well (10 minute version)
100%
24 Babe
100%
22 Better Man
100%
18 Come Back… Be Here…
100%
14 Everything Has Changed
100%
27 Forever Winter
100%
4 I Knew You Were Trouble
100%
25 Message In A Bottle
100%
21 Ronan
100%
1 State of Grace
100%
20 State Of Grace (acoustic version)
100%
3 Treacherous
100%
8 We Are Never Ever Getting Back Together
100%
6 22
75%
19 Girl At Home
75%
11 Holy Ground
75%
7 I Almost Do
75%
26 I Bet You Think About Me
75%
23 Nothing New
75%
2 Red
75%
28 Run
75%
12 Sad Beautiful Tragic
75%
15 Starlight
75%
9 Stay Stay Stay
75%
10 The Last Time
75%
29 The Very First Night
75%
16 Begin Again
50%
13 The Lucky One
50%
17 The Moment I Knew
50%
No matching quizzes found
Score Distribution
Percent of People with Each Score
Percentile by Number Answered
Your Score History
You have not taken this quiz